Normal view MARC view

Entry Personal Name

Number of records used in: 1

001 - CONTROL NUMBER

  • control field: 1237697

003 - CONTROL NUMBER IDENTIFIER

  • control field: OSt

005 - DATE AND TIME OF LATEST TRANSACTION

  • control field: 20260430150513.0

008 - FIXED-LENGTH DATA ELEMENTS

  • fixed length control field: 260430|| aca||aabn | a|a d

040 ## - CATALOGING SOURCE

  • Original cataloging agency: OSt
  • Transcribing agency: OSt

100 ## - HEADING--PERSONAL NAME

  • Personal name: Aalam Mohd Jubair Au.; Singh Surendra Gu

670 ## - SOURCE DATA FOUND

  • Source citation: Work cat.: (OSt)1849939: Aalam Mohd Jubair Au.; Singh Surendra Gu., Development of Reusable Organocatalysts for the Asymmetric Diels-Alder and Friedel-Crafts Reactions, 2023
Copyright @ Delhi University Library System